000 01127nam a22002417a 4500
005 20110708111942.0
008 110708t xxu||||| |||| 00| 0 mar d
010 _aMAR-21049
020 _a97889380617121
_c260.00
035 _aMR-13707
037 _bDBAD/PUB
040 _aDPL
_bMR
082 _a491.4609
100 _aपाटणकर,जयश्री
_929276
245 _aसंशोधनाची क्षेत्रे आणि पद्धती /
_cजयश्री पाटणकर
246 _aSanshodhanachi Khetre Ani Paddhati
_bby Jayshree Patankar
260 _aश्रीरामपुर
_bशब्दालय प्रकाशन
_c2010
270 _aपोस्ट बॉक्स नं.90,वॉर्ड 7,
_bश्रीरामपुर
_e413709
300 _a256पृ.
_c22सेमी(अजिल्द)
700 _929298
942 _2ddc
_cMR
_mपाटण
_h491.4609
999 _c53675
_d53675